<The> Role of medium- term fiscal frameworks for transition countries <the> case of Bulgaria
Gespeichert in:
| 1. Verfasser: | |
|---|---|
| Weitere Verfasser: | |
| Format: | Buch |
| Sprache: | Englisch |
| Veröffentlicht: |
Washington
International Monetary Fund
2001
|
| Schriftenreihe: | IMF Working Paper
WP/01/11 |
| Schlagworte: | |
| Tags: |
Keine Tags, Fügen Sie das erste Tag hinzu!
|
MARC
| LEADER | 00000nam a2200000 4500 | ||
|---|---|---|---|
| 001 | c124813 | ||
| 005 | 20221221091330.3 | ||
| 041 | 0 | |a eng | |
| 044 | |a US | ||
| 245 | 1 | 0 | |a <The> Role of medium- term fiscal frameworks for transition countries |b <the> case of Bulgaria |c Balázs Horváth and István P. Székely |
| 264 | 1 | |a Washington |b International Monetary Fund |c 2001 | |
| 300 | |a 30 s. | ||
| 490 | 1 | |a IMF Working Paper |v WP/01/11 | |
| 830 | 0 | |a IMF Working Paper |v WP/01/11 | |
| 610 | 2 | 0 | |a politika fiškálna |
| 610 | 2 | 0 | |a transformácia |
| 610 | 2 | 0 | |a SVE |
| 610 | 2 | 0 | |a Bulharsko |
| 100 | 1 | |a Horváth, Balázs | |
| 700 | 1 | |a Székely, István P. | |